LEADER 01225nas0 2200325 450 001 000021598 005 20180531121434.0 011 $a0391-4127 100 $a20080604a19529999km-y0itay50------ba 101 0 $aita 102 $aIT 110 $aaku----0uu- 200 1 $aRicerche slavistiche$epubblicazione dell'Istituto di filologia slava dell'Universitā di Roma 207 0$aA.1, n.1 (1952)- 210 $aRoma$cG. Casini$d1952- 215 $av.$d25 cm. 326 $aAnnuale 676 $a491.805$v(21. ed.)$9Lingue slave. Pubblicazioni in serie 712 02$aUnversitā degli studi La Sapienza $bIstituto di filologia slava 801 0$aIT$bUniversitā della Basilicata - B.I.A.$gRICA$2unimarc 912 $a000021598 958 $aB.I.A. PSU$c1952-1961;1970-1984;1989-1991;$tA 996 $aRicerche slavistiche$988818 997 $aUNIBAS CAT $aAGD$b20$c20080604$lBAS01$h1225 CAT $aAGD$b20$c20080909$lBAS01$h0957 CAT $aAGD$b30$c20180531$lBAS01$h1214 CAT $aAGD$b30$c20180531$lBAS01$h1214 FMT Z30 -2$lBAS01$LBAS01$mISSUE$1BASA1$APolo Storico-Umanistico$2GEN$BCollezione generale$5L94106$820080604$f51$FRiservati$hlibreria chiari deposito 19/A$i20080604$j20080604 LEADER 01352nam a2200325 i 4500 001 991001152019707536 005 20020507184212.0 008 931007s1981 bl ||| | por 035 $ab10808000-39ule_inst 035 $aLE01307849$9ExL 040 $aDip.to Matematica$beng 082 0 $a519.55 084 $aAMS 62M 084 $aAMS 62M10 100 1 $aMorettin, Pedro Alberto$0536161 245 10$aModelos para previsao de series temporais :$b13. coloquio brasileiro de Matematica, Pocos de Calda MG 12 a 24/07/1981 /$cP. A. Morettin, C. M. De Castro Toloi 260 $aRio De Janeiro :$bIMPA (Instituto de Matematica Pura e Aplicada),$c1981 300 $a2 v. ;$c23 cm 500 $aConference/Meeting Pocos de Calda 1981 650 0$aAuto-correlation 650 0$aRegression 650 0$aTime series 700 1 $aCastro Toloi, Clelia Maria :$cde 907 $a.b10808000$b23-01-14$c28-06-02 912 $a991001152019707536 945 $aLE013 62M MOR11 V.I (1981)$cV. 1$g1$i2013000289397$lle013$o-$pE0.00$q-$rl$s- $t0$u0$v0$w0$x0$y.i10913038$z28-06-02 945 $aLE013 62M MOR11 V.II (1981)$cV. 2$g1$i2013000289380$lle013$o-$pE0.00$q-$rl$s- $t0$u0$v0$w0$x0$y.i1091304x$z28-06-02 996 $aModelos para previsao de series temporais$9925633 997 $aUNISALENTO 998 $ale013$b01-01-93$cm$da $e-$fpor$gbl $h0$i2